Štatistické skúmanie vzťahu nezamestnanosť-depresia

Pokračovanie príspevku z predchádzajúceho čísla.

Enregistré dans:
Détails bibliographiques
Auteur principal: Heretik, Anton
Autres auteurs: Betáková, Janka, Mura, Ladislav
Format: Chapitre de livre
Langue:slovaque
Sujets:
Tags: Ajouter un tag
Pas de tags, Soyez le premier à ajouter un tag!

MARC

LEADER 00000naa a2200000 4500
001 0143440
005 20220316113744.3
041 0 |a slo 
044 |a SK 
245 1 0 |a Štatistické skúmanie vzťahu nezamestnanosť-depresia  |c Anton Heretik, Janka Betáková, Ladislav Mura 
520 |a Pokračovanie príspevku z predchádzajúceho čísla. 
610 2 0 |a depresia 
610 2 0 |a nezamestnanosť 
610 2 0 |a zisťovanie štatistické 
610 2 0 |a údaje štatistické 
100 1 |a Heretik, Anton 
700 1 |a Betáková, Janka 
700 1 |a Mura, Ladislav